| 000 | 00552nam a22002177a 4500 | ||
|---|---|---|---|
| 005 | 20240108163808.0 | ||
| 008 | 231229b |||||||| |||| 00| 0 eng d | ||
| 020 |
_a9789356330207 _cRs. 850.00 |
||
| 040 | _aMAIN | ||
| 082 |
_a657.48 _bM278F(7) |
||
| 100 | _aMaheshwari, S N | ||
| 245 | _aFinancial accounting | ||
| 250 | _a7th | ||
| 260 |
_aNoida _bVikas Publishing House _c2023 |
||
| 300 | _av. | ||
| 650 | _aAccounting | ||
| 650 | _aFinancial Accounting | ||
| 700 | _aMaheshwari, Suneel K | ||
| 700 | _aMaheshwari, Sharad K | ||
| 942 | _cBK | ||
| 999 |
_c312103 _d312103 |
||